mysqli: Table './ulib62015/stat_globaluid' is marked as crashed and should be repaired
select id from stat_globaluid where statuid='20260518024329_1892'
mysqli: Table './ulib62015/stat_globaluid' is marked as crashed and should be repaired
DELETE FROM stat_globaluid
WHERE id NOT IN (
SELECT id
FROM (
SELECT id
FROM stat_globaluid
ORDER BY id DESC
LIMIT 100
) foo
);
mysqli: Table './ulib62015/stat_globaluid' is marked as crashed and should be repaired
insert into stat_globaluid set
statuid='20260518024329_1892',
dt='1779047009',
phpself='/ULIB62015/dublinfull.php',
agent='Mozilla/5.0 AppleWebKit/537.36 (KHTML, like Gecko; compatible; ClaudeBot/1.0; +claudebot@anthropic.com)',
yea='2026',
mon='5',
dat='18',
ip='216.73.216.45'
mysqli: Table './ulib62015/stathist_viewbib_bib_type' is marked as crashed and should be repaired
insert into stathist_viewbib_bib_type set
dat='18' ,
mon='05' ,
yea='2026' ,
statuid='20260518024329_1892' ,
head='29287' ,
foot='marc' ,
dt='1779047009'
| LEADER : 01174nam 2200277 a 4500 |
| 008 030417s2004 caua sb 001 0 eng |
| 020 ^a974-91328-3-1
|
| 050 ^a1520
|
| 060 ^aส113ร
|
| 082 ^aGT
|
| 100 ^aส.พลายน้อย
|
| 245 ^aเรื่องเล่าจากข้าวของเครื่องแต่งกาย
|
| 913 ^aImported by ULIBM Administrator
|
| 945 ^p150^l0^i009057 |
| 949 ^aImport form external file by ULIBM system
|
| คุณยังไม่ได้ล็อกอิน คุณสามารถมีกิจกรรมร่วมกับเว็บไซต์ได้ แต่ต้องล็อกอินก่อน :: |
|
|
|
| ลำดับที่ |
ประเภท |
เลขเรียก/บาร์โค้ด |
สถานที่ |
สถานะ |
| 1. |
 หนังสือ | GT 1520 ส113ร 2004 Barcode: 009057 | หนังสือทั่วไป | บนชั้น ขอยืม |
รายการใกล้เคียง
ผู้แต่ง [ส.พลายน้อย]
|
|
ยังไม่เคยถูกคอมเมนท์
|
| คอมเมนท์ทรัพยากรรายการนี้ |
|